Statistics for Countries Closest to Venezuela - 30 Second Sprint

Click here to take the quiz!

General Stats

  • This quiz has been taken 11 times
  • The average score is 16 of 20

Answer Stats

kmcountrymiles% Correct
0Brazil0
100%
0Colombia0
100%
441Panama274
100%
562Peru349
100%
500Dominica311
89%
621Dominican Republic386
89%
0Guyana0
89%
676Haiti420
89%
293Suriname182
89%
14Trinidad and Tobago9
89%
696Antigua and Barbuda433
78%
27Aruba17
78%
357Barbados222
78%
139Grenada86
78%
831Jamaica516
78%
673Saint Kitts and Nevis418
78%
345Saint Lucia214
78%
206St Vincent & the Grenadines128
78%
80Curaçao50
33%
765Sint Maarten475
33%

Score Distribution

Percentile by Number Answered

Percent of People with Each Score

Your Score History

You have not taken this quiz